000 00358 a2200157 4500
001 60022
020 _a9783127688122
040 _cAnchieta - Pituba
100 _aPfau, Anita
240 1 0 _a22 brettspiele
_lpor
245 1 0 _a22 brettspiele
300 _a111
362 0 _a2001
650 4 _aLínguas germânicas (teutônicas) língua alemã
942 _cBK
999 _c60022
_d60022